| 000 | 00762nam a22002177a 4500 | ||
|---|---|---|---|
| 999 |
_c19608 _d19608 |
||
| 003 | AR-CdUCM | ||
| 008 | 190518b ||||| |||| 00| 0 spa d | ||
| 040 |
_aMUNICIPALIDAD PROVINCIAL DEL CUSCO _cBIBLIOTECA MUNICIPAL DEL CUSCO |
||
| 082 |
_a338.904 / _bO94 |
||
| 100 |
_aOwens, Edgar _941047 |
||
| 245 | _aReconsideracion de la teoría del desarrollo / | ||
| 260 |
_aMéxico : _bMarymar, _c1974. |
||
| 300 |
_a251 páginas ; _c24 cm. |
||
| 505 | _aContenido: Nuevas consideraciones sobre el desarrollo -- Hay que organizar a la gente -- Organización de una economía nacional ... | ||
| 650 |
_aTeoría _95077 |
||
| 650 |
_aDesarrollo _92021 |
||
| 650 |
_aMéxico _918 |
||
| 700 |
_aLandes, Daniel _9185 |
||
| 942 |
_2ddc _cLIBROS |
||
| 945 |
_arah _d2019-05-18 |
||